| 000 | 01088nam a22003017a 4500 | ||
|---|---|---|---|
| 005 | 20240530110413.0 | ||
| 008 | 150225s2012 ua b g b 000 0 ara d | ||
| 017 |
_a2011/21645 _bمصر . دار الكتب المصرية |
||
| 020 | _a9789773503660 | ||
| 040 | _aEG-CaGPL | ||
| 041 | 0 | _aara | |
| 082 | 0 | 4 |
_221 _a953.07391\ _bع غ |
| 100 | 0 | _aعلى محمد محمد | |
| 245 | 1 | 2 |
_aالغزو الصليبى فى عهد السلاطين / _cتاليف على محمد محمد |
| 250 | _aط1 | ||
| 260 |
_aالقاهرة : _bدار الكتاب الحديث ، _c2011 |
||
| 300 |
_a551 ص ؛ _c24 سم |
||
| 490 | 0 | _aموسوعة تاريخ العصور الوسطى و الحروب الصليبية | |
| 504 | _aببليوجرافية : ص 517 - 532 | ||
| 650 | 0 | 4 | _aالسلاجقة |
| 650 | 0 | 4 | _aالبويهيون |
| 650 | 0 | 4 | _aمعركة دندانقان |
| 651 | 0 | 4 | _aالدولة السلجوقية |
| 651 | 0 | 4 | _aالدولة البويهية |
| 651 | 0 | 4 | _aالدولة السامانية |
| 942 |
_2ddc _cBK |
||
| 999 |
_c60504 _d60504 |
||